Painting without a brush

Bibliographic Details
Main Author: Ferry, David
Format: Book
Published: London : Studio Vista , 1991
Subjects:

MARC

LEADER 00000cam a2200000 7i4500
001 0000004035
002 000004345
005 20000330.0
020 |a 0289800609 
090 0 0 |a 751   |b FER 
100 1 |a Ferry, David 
245 1 0 |a Painting without a brush   |c Daivd Ferry 
260 |a London :   |b Studio Vista ,   |c 1991 
300 |a 141p. ;   |c 28cm. 
650 0 0 |a Painting   |x Technique 
999 |a 037259   |b BUKU   |c PINJAMAN   |e PERPUSTAKAAN KOMUNITI PETALING JAYA